Conduite : Sous le capot - Statistiques

Statistiques générales
  • Ce quiz a été pris 11 fois
  • Le résultat moyen est 3 sur 9
Statistiques - réponses
Hint Réponse % Correct
Utilité de l'utilisation d'un liquide (lave-glace) spécial en hiver : Eviter que le liquide gèle
100%
Risque de compléter le niveau du liquide de refroidissement quand le moteur est chaud : Risque de brûlure
60%
Conséquence d'une niveau insuffisant du liquide de frein : Perte d'efficacité du freinage
40%
Solutions en cas de panne de batterie pour démarrer le véhicule sans le déplacer : Brancher une 2ème batterie en parallèle et remplacer la batterie
20%
Conséquences en cas de panne d'un feu de croisement : Mauvaise visibilité et risque d'être confondu avec un 2 roues
20%
Risques d'un manque d'huile moteur : Risque de casse du moteur et risque de détérioration du moteur
20%
Principal risque d'une absence de liquide lave-glace : Risque de mauvaise visibilité
20%
Risque et conséquences d'une mauvaise fermeture du capot, en roulant : Risque d'ouverture du capot, avec risque d'entraîner un accident et risque de vibrations
20%
Utilité du dispositif de sécurité pour un capot s'ouvrant depuis l'avant du véhicule : Empêcher l'ouverture du capot en circulation, en cas de mauvais verrouillage
0%
Aucun quiz correspondant
Distribution des résultats
% des personnes avec chaque résultat
Percentile par nombre de réponses
Votre historique - résultats
Vous n’avez pas pris ce quiz